Biggest sources of immigrants to Arkansas - Statistics

General Stats
  • This quiz has been taken 22 times
  • The average score is 8 of 10
Answer Stats
Hint Answer % Correct
62,796 Mexico
100%
4,836 China
89%
3,110 United Kingdom
89%
2,333 Canada
84%
12,651 El Salvador
84%
10,153 India
84%
1,932 Vietnam
84%
2,681 Germany
79%
4,837 Philippines
79%
1,537 Korea
68%
No matching quizzes found
Score Distribution
Percent of People with Each Score
Percentile by Number Answered
Your Score History
You have not taken this quiz